| 000 | 01098nam0a2200313 4500 | ||
|---|---|---|---|
| 001 | RU\NLR\bibl\87617 | ||
| 005 | 20260406071443.0 | ||
| 010 |
_a5-04-003534-9 _922000 |
||
| 021 |
_aRU _b1999-52403 _92600 |
||
| 035 | _a(NLR Aleph) 000085584 | ||
| 090 |
_a478243 _c478243 |
||
| 100 | _a20000523d1999 |||y0rusy50 ca | ||
| 101 | 0 | _arus | |
| 102 | _aRU | ||
| 105 | _aa ||||||||| | ||
| 200 | 1 |
_aДело о таинственном шефе _e[Повесть] _fНаталия Кузнецова _g[Худож. Д. Лемко] |
|
| 210 |
_aМ. _cЭКСМО-Пресс _d1999 |
||
| 215 |
_a220, [2] с. _cил. _d21 |
||
| 225 | 1 | _aДетский детектив | |
| 225 | 1 | _aЧерный котенок | |
| 686 | _aШ9(2)62=Р7-4 | ||
| 700 | 1 |
_4070 _8rus _7ca _aКузнецова _bН.А. _cписатель _gНаталия Александровна _3RU\NLR\auth\7728074 _911105 |
|
| 801 | 0 |
_aRU _bNLR _c20000523 _gPSBO |
|
| 801 | 1 |
_aRU _bNLR _c20000523 |
|
| 852 |
_aNLR _j2000-3/3284 |
||
| 942 | _cBOOK | ||
| 980 | _aNB | ||